[Event "Manizales Americas op"]
[Site "Manizales"]
[Date "2022.10.14"]
[Round "1"]
[White "Giraldo Montes, Miguel Angel"]
[Black "Giraldo Aristizabal, Marlon"]
[Result "0-1"]
[WhiteElo "1355"]
[BlackElo "1829"]
[PlyCount "72"]
[EventDate "2022.10.14"]
[EventType "swiss"]
[EventRounds "8"]
[EventCountry "COL"]
[SourceTitle "CBM 210 Extra"]
[Source "ChessBase"]
[SourceDate "2022.11.30"]
[SourceVersion "1"]
[SourceVersionDate "2022.11.30"]
[SourceQuality "1"]

1. e4 g6 2. Nf3 Bg7 3. d4 d5 4. Nc3 c6 5. Bd3 Bg4 6. Be2 Nf6 7. Qd3 0-0 8. e5 Bf5 9. Qd2 Ne4 10. Nxe4 Bxe4 11. Bd3 Bxf3 12. gxf3 c5 13. c3 cxd4 14. cxd4 Nc6 15. Bb5 Nxd4 16. Qxd4 Qa5+ 17. b4 Qxb5 18. a4 Qc6 19. b5 Qe6 20. f4 Qg4 21. Rf1 Rfc8 22. f3 Qh4+ 23. Rf2 e6 24. h3 Rc4 25. Qd2 Bf8 26. Ke2 Rac8 27. Ra2 Rxc1 28. Rf1 Rxf1 29. Kxf1 Qxh3+ 30. Ke1 Qg3+ 31. Kf1 Qxf3+ 32. Ke1 Bb4 33. Qxb4 Rc1+ 34. Kd2 Rd1+ 35. Kc2 Qd3+ 36. Kb2 Rb1# 0-1